Problémy aplikácie benchmarkingu v malých a stredných podnikoch

Benchmarking ako účinný nástroj manažmentu, ktorý je založený na porovnávaní seba s inými s určitým vzorom - benchmarkom a ktorý umožňuje rýchle zvýšenie výkonnosti podniku a tým aj jeho konkurencieschopnosti. Chyby pri uplatňovaní benchmarkingu v malých a stredných podnikoch: Zmena významu pojmov b...

Descripción completa

Guardado en:
Detalles Bibliográficos
Autor principal: Jankelová, Nadežda, 1966-
Formato: Capítulo de libro
Lenguaje:eslovaco
Materias:
Etiquetas: Agregar Etiqueta
Sin Etiquetas, Sea el primero en etiquetar este registro!

MARC

LEADER 00000naa$a2200000$$$4500
001 0022242
005 20240502071413.0
041 0 |a slo 
044 |a SK 
245 1 0 |a Problémy aplikácie benchmarkingu v malých a stredných podnikoch  |c Nadežda Jankelová 
520 |a Benchmarking ako účinný nástroj manažmentu, ktorý je založený na porovnávaní seba s inými s určitým vzorom - benchmarkom a ktorý umožňuje rýchle zvýšenie výkonnosti podniku a tým aj jeho konkurencieschopnosti. Chyby pri uplatňovaní benchmarkingu v malých a stredných podnikoch: Zmena významu pojmov benchmarking a konkurenčná analýza. Nedostatok dynamiky, pomalosť v inováciách a využívaní nových poznatkov. Nedostatok zručnosti. 
610 2 0 |a benchmarking 
610 2 0 |a podnik malý 
610 2 0 |a podnik stredný 
610 2 0 |a Slovensko 
610 2 0 |a nástroje riadenia 
610 2 0 |a metódy riadenia 
100 1 |a Jankelová, Nadežda, 1966-